00677nam a2200121Ia 4500008004100000020001800041245011600059260002200175440003600197650001700233650026000250856004500510171212s9999 xx 000 0 und d a9780731521326 ceditor Bellwood, Peter;Fox, James J.;Tryon, DarrellaThe AustronesiansbHistorical and Comparative Perspectives bANU E Pressc2006 aComparative Austronesian Series aAnthropology aAnthropology/Archaeology -- Islands of the Pacific; Anthropology/Archaeology -- Asia, Southeastern; Anthropology/Archaeology -- Madagascar; Austronesian languages; Islands of the Pacific -- History; Islands of the Pacific -- Social life and customs; Asia, uwww.jstor.org/stable/10.2307/j.ctt2jbjx1